Daimon : studi per il quarantennale del Liceo classico Socrate, Roma /

সংরক্ষণ করুন:
গ্রন্থ-পঞ্জীর বিবরন
অন্যান্য লেখক: Inglese, Lionello (সম্পাদক)
বিন্যাস: গ্রন্থ
ভাষা:ইতালিয়
প্রকাশিত: Roma : [s.n.], 2011
ট্যাগগুলো: ট্যাগ যুক্ত করুন
কোনো ট্যাগ নেই, প্রথমজন হিসাবে ট্যাগ করুন!

MARC

LEADER 00000nam a22000007i 4500
001 IT\ICCU\BA1\0108995
003 ItRI
005 20240123192532.0
008 160625s2011 it |||||| ||||| |||||c
040 |b ita  |c GP 
041 7 |a ita  |2 ISO-639-2 
100 1 |a Inglese, Lionello  |0 IT\ICCU\UR1V\003003  |4 edt 
245 1 0 |a Daimon :  |b studi per il quarantennale del Liceo classico Socrate, Roma /  |c a cura di Lionello Inglese. 
260 |a Roma :  |b [s.n.],  |c 2011 
300 |a 267 p. ;  |c 21 cm 
942 |2 ddc  |c BK 
952 |0 0  |1 0  |2 ddc  |4 0  |6 880_000000000000000_ING  |7 1  |9 525  |a RM  |b RM  |d 2024-01-23  |l 0  |o 880 ING  |p 16  |r 2024-01-23 19:26:10  |w 2024-01-23  |y BK 
981 1 |6 z01  |a i   |b xxxe  
982 1 |6 z01  |a n 
999 |c 450  |d 450